Javier Milei Quiz - Statistics

General Stats
  • This quiz has been taken 27 times
  • The average score is 8 of 12
Answer Stats
Question Answer % Correct
Where is Javier Milei from? Argentina
100%
What ideology does Milei describe himself as? Liberal-Libertarian
100%
What is Javier Milei's middle name? Gerardo
90%
What is Milei's iconic slogan? Viva la Libertad Carajo! (Long Live Freedom Damn it!)
90%
Who was president in the 4 years before Javier Milei? Alberto Fernandez
80%
Which one of these is the name of one of Milei's dogs? Conan
70%
To which of these religions does Milei have close ties with? Judaism
70%
What is Milei's sister called? Karina
70%
Who is Milei's Vice President? Victoria Villaruel
60%
Which one of these political figures is seen as a predecessor to Milei for their liberal economic reforms in Argentina? Carlos Saul Menem (Peronist)
50%
Which barrio (neighbourhood) of Buenos Aires is Milei from? Palermo
10%
What is the name of Javier Milei's political party? Partido Libertario (Libertarian Party)
10%
No matching quizzes found
Score Distribution
Percent of People with Each Score
Percentile by Number Answered
Your Score History
You have not taken this quiz